Identické vazby propojených prostorových dat = Identity links of linked spatial data : zkrácená verze habilitační práce /

Hlavní autor: Čerba, Otakar, 1975-
Korporativní autor: Vysoké učení technické v Brně. Ústav geodézie
Jazyk: Čeština
Vydáno: Brno : Vysoké učení technické v Brně, nakladatelství VUTIUM, 2018
Edice: Vědecké spisy Vysokého učení technického v Brně. Habilitační a inaugurační spisy, sv. 597
Témata:
Fyzický popis: 43 stran : ilustrace ; 24 cm
Language note: Anglické resumé
Knihy
Uloženo v:
LEADER 02513nam a2200601 i 4500
001 nkc20183036798
003 CZ PrNK
005 20190107081732.0
007 ta
008 180917s2018 xr a f m 000 0 cze
015 |a cnb003036798 
020 |a 978-80-214-5631-0  |q (brožováno) 
035 |a (OCoLC)1081385982 
040 |a BOA001  |b cze  |d ABA001  |e rda 
041 0 |a cze  |b eng 
072 7 |a 004.7  |x Počítačové sítě  |2 Konspekt  |9 23 
080 |a 001.102:024.5  |2 MRF 
080 |a [001.103:004.738.5]-027.565  |2 MRF 
080 |a 004.6-023.5  |2 MRF 
080 |a (043.5)  |2 MRF 
080 |a (048.3)  |2 MRF 
100 1 |a Čerba, Otakar,  |d 1975-  |7 zcu2008417998  |4 aut 
245 1 0 |a Identické vazby propojených prostorových dat =  |b Identity links of linked spatial data : zkrácená verze habilitační práce /  |c Otakar Čerba 
246 3 1 |a Identity links of linked spatial data 
264 1 |a Brno :  |b Vysoké učení technické v Brně, nakladatelství VUTIUM,  |c 2018 
300 |a 43 stran :  |b ilustrace ;  |c 24 cm 
336 |a text  |b txt  |2 rdacontent 
337 |a bez média  |b n  |2 rdamedia 
338 |a svazek  |b nc  |2 rdacarrier 
490 1 |a Vědecké spisy Vysokého učení technického v Brně. Habilitační a inaugurační spisy,  |x 1213-418X ;  |v sv. 597 
500 |a Zkrácená verze habilitační práce--Vysoké učení technické v Brně, Fakulta stavební, Ústav geodézie, 2018 
504 |a Obsahuje bibliografii a bibliografické odkazy 
546 |a Anglické resumé 
650 0 7 |a dostupnost informací  |7 ph222816  |2 czenas 
650 0 7 |a propojená data  |7 ph827253  |2 czenas 
650 0 7 |a prostorová data  |7 ph358650  |2 czenas 
650 0 9 |a information availability  |2 eczenas 
650 0 9 |a linked data  |2 eczenas 
650 0 9 |a spatial data  |2 eczenas 
653 0 |a identické vazby 
655 7 |a habilitační práce  |7 fd185153  |2 czenas 
655 7 |a teze  |7 fd133701  |2 czenas 
655 9 |a habilitation theses  |2 eczenas 
655 9 |a abstracts  |2 eczenas 
710 2 |a Vysoké učení technické v Brně.  |b Ústav geodézie  |7 kn20030702012  |4 isb 
810 2 |a Vysoké učení technické v Brně.  |t Vědecké spisy.  |p Habilitační a inaugurační spisy  |0 s 
910 2 |a BOA001  |b 2-1411.812 
928 9 |a VUTIUM 
990 |a BK 
995 |a 01 
991 |b 201810  |c NOV 
996 6 |b 2610754245  |c 2-1411.812  |l MZK  |r Sklad / do 1 hodiny  |n 0  |p p.v.  |w 001685930  |u 000010  |a 1  |e BOA001  |j MZK50  |s P 
996 7 |b 2610754246  |c 2-1411.812  |l MZK  |r Sklad / do 1 hodiny  |n 0  |p p.v.  |w 001685930  |u 000020  |a 1  |e BOA001  |j MZK50  |s A